Россия. Великая судьба

Dettagli Bibliografici
Autore principale: Перевезенцев С. В. Сергей Вячеславович
Riassunto:Книга "Россия. Великая судьба" является попыткой осмысления исторического развития России и русского народа. В книге представлен весь ход российской истории с древнейших времен до наших дней, подкрепленный цитатами из русских летописей, историческими документами, свидетельствами современников. Богатое иллюстрирование книги раскрывает перед читателями прекрасный мир русской иконописи и живописи. "Россия. Великая судьба" - книга об истории, культуре и судьбе великой страны, великого народа, несущего свет и спасение человечеству.
Lingua:russo
Pubblicazione: Москва, Белый город, 2005
Soggetti:
Natura: MixedMaterials Libro
KOHA link:https://koha.lib.tpu.ru/cgi-bin/koha/opac-detail.pl?biblionumber=670877

MARC

LEADER 00000nam0a2200000 4500
001 670877
005 20241126063154.0
010 |a 5-7793-0937-x 
090 |a 670877 
100 |a 20240222d2005 m||y0rusy50 ca 
101 0 |a rus 
102 |a RU 
105 |a a z 000yy 
181 0 |a i   |b  e  
182 0 |a n 
183 0 |a nc  |2 RDAcarrier 
200 1 |a Россия. Великая судьба  |f Сергей Перевезенцев 
203 |a Текст  |b визуальный  |c непосредственный 
210 |a Москва  |c Белый город  |d 2005 
215 |a 704 с.  |c цв. ил.  |d 28 см. 
283 |a volume  |2 RDAcarrier 
330 |a Книга "Россия. Великая судьба" является попыткой осмысления исторического развития России и русского народа. В книге представлен весь ход российской истории с древнейших времен до наших дней, подкрепленный цитатами из русских летописей, историческими документами, свидетельствами современников. Богатое иллюстрирование книги раскрывает перед читателями прекрасный мир русской иконописи и живописи. "Россия. Великая судьба" - книга об истории, культуре и судьбе великой страны, великого народа, несущего свет и спасение человечеству. 
606 |a Россия  |x История  |7 ca  |8 rus  |9 81526 
610 1 |a история России 
610 1 |a славяне 
610 1 |a варяги 
610 1 |a русы 
610 1 |a славянские земли 
610 1 |a Русь 
610 1 |a Древнерусское государство 
610 1 |a славянская мифология 
610 1 |a крещение Руси 
610 1 |a христианство 
610 1 |a удельная Русь 
610 1 |a Киевская Русь 
610 1 |a ордынское иго 
610 1 |a Московское царство 
610 1 |a Российская империя 
610 1 |a реформы 
610 1 |a контрреформы 
686 |a Т3(2)  |2 rubbk 
700 1 |a Перевезенцев  |b С. В.  |c историк и философ, писатель, публицист  |c доктор исторических наук, профессор МГУ  |f 1960-  |g Сергей Вячеславович  |3 (RuTPU)RU\TPU\pers\19152  |9 7271 
801 0 |a RU  |b 63413507  |c 20240222  |g PSBO 
850 |a 63413507 
942 |c BK